000 00679nam a2200229 a 4500
001 BRCA_7684
005 20190320205938.0
008 160813s1957----sp-a######---#000-0#spa-#
041 _aspa
044 _asp
050 4 _aN3444
_b.C36 1957
100 1 _aCamón Aznar, José
_910797
245 1 0 _aLas nuevas salas del Museo Lázaro Galdiano
_cpor José Camón Aznar.
260 _aMadrid
_bFundación Lázaro Galdiano
_c1957
300 _a162 p.
_bil., 8 láminas
_c17 cm.
500 _aU22
610 2 4 _aMuseo Lázaro Galdiano (Madrid)
_918972
650 1 4 _aArte
_vCatálogos
_zMadrid
_918973
650 1 4 _aGalerías y museos
_zEspaña
_97331
902 _aGFM
942 _2lcc
_cB
999 _c7358
_d7358